000
00252nam a2200109Ia 4500
008
200302s9999 xx 000 0 und d
100
_a
Ken Yeang
245
_a
Eco Skyscrapers : Vol 2
260
_b
Images Publishing Ltd.
260
_c
2011
300
_a
160
999
_c
4664
_d
4664